000 nam a22 a 4500
999 _c3475
_d3475
003 AKMAL
005 20170523092446.0
008 170523s1998 my a e i 001 0 eng d
020 _a9679786463 (pbk.):
_cRM 39.90
082 0 4 _a658.4209595 HNG
_222
090 0 0 _a658.4209595
_bHNG
100 1 _aHng, Hung Yong
_9108
245 1 0 _aCEO Malaysia :
_bstrategy in nation-building /
_cHng Hung Yong
260 _aSubang Jaya :
_bPelanduk Publications,
_c1998
300 0 0 _a[233]p. :
_bill. ;
_c1998
500 _aIncludes index
500 _aKoleksi Peribadi YABhg. Tun Ahmad Sarji (2100368) (2100525)
650 1 0 _aChief executive officers
_zMalaysia
_9109
651 0 _aMalaysia
_xEconomic conditions
_963
651 0 _aMalaysia
_xPolitics and government
_944
651 0 _aMalaysia
_xSocial conditions
_945
942 _2ddc
_cBOOK